01335nam a2200337Ia 4500001001200000003000800012006001900020007001500039008004100054010001700095015001500112020001500127020003900142020003500181040002100216035002100237050002400258245014300282250003100425260004300456300001900499504006300518533015200581650002700733650001900760655002900779700002300808700002300831710001700854856012600871ebr10135521CaPaEBRm u cr cn|||||||||030306s2003 nyua sb 001 0 eng d z 2003046020 aGBA3-X3773 z1403980594 z1403961794 (hardback : alk. paper) z1403961808 (pbk. : alk. paper) aCaPaEBRcCaPaEBR a(OCoLC)56019039814aHV6035b.C74 2003eb00aCrime's powerh[electronic resource] :banthropologists and the ethnography of crime /cedited by Philip C. Parnell and Stephanie C. Kane. a1st Palgrave Macmillan ed. aNew York :bPalgrave Macmillan,c2003. a310 p. :bill. aIncludes bibliographical references (p. 289-91) and index. aElectronic reproduction.bPalo Alto, Calif. :cebrary,d2009.nAvailable via World Wide Web.nAccess may be limited to ebrary affiliated libraries. 0aCriminal anthropology. 0aAnthropometry. 7aElectronic books.2local1 aParnell, Philip C.1 aKane, Stephanie C.2 aebrary, Inc.40uhttp://site.ebrary.com/lib/rucke/Doc?id=10135521zAn electronic book accessible through the World Wide Web; click to view